| 000 | 00735cam a2200193 4500 | ||
|---|---|---|---|
| 001 | WB3729-09 | ||
| 008 | 010724n2001 000 0 eng u | ||
| 035 | _a(Sirsi) u113735 | ||
| 245 | _aRDA launches £12.m social enterprise fund | ||
| 260 | _c2001 | ||
| 490 |
_aUrban Environment Today _v 19 July 2001, 6(1) |
||
| 520 | _aA £12.5m programme is launched by regional development agency Advantage to support a learning and research network around social enterprises. This aims to increase the number of businesses and jobs in the sector. | ||
| 590 | _aWB | ||
| 650 | _aREGIONAL DEVELOPMENT AGENCIES | ||
| 650 | _aSOCIAL ENTERPRISES | ||
| 650 | _aCENTRES OF EXCELLENCE | ||
| 690 | _aPROPERTY-PROPERTY DEVELOPMENT | ||
| 942 | _n0 | ||
| 999 |
_c67763 _d67763 |
||